Univers de Star Wars 1 - Statistiques

Statistiques générales
  • Ce quiz a été pris 67 fois
  • Le résultat moyen est 8 sur 20
Statistiques - réponses
Question Reponse % Correct
Qui tue Snoke ? Kylo Ren
78%
Quelle planète abrite le Temple Jedi principal avant sa destruction par l’Empire ? Coruscant
70%
Quel Sith ancien est mentionné par Palpatine dans La Revanche des Sith comme ayant découvert le secret de l’immortalité ? Dark Plagueis
70%
Quel est le prénom du Maître Jedi de Qui-Gon Jinn ? Dooku
63%
Quelle planète est le monde natal de Rey ? Jakku
61%
Quel cristal alimente les sabres laser ? Kyber
59%
Qui tue Mace Windu ? Sidious
59%
Quel clone commando aide Ahsoka Tano lors de l’Ordre 66 ? Capitaine Rex
57%
Quel Sith a instauré la Règle des Deux ? Dark Bane
56%
Qui est le maître Jedi d’Ezra Bridger ? Kanan Jarrus
52%
Sur quelle planète Dark Sidious recrute-t-il Maul enfant ? Dathomir
44%
Quel est le nom de la planète océanique où Luke s’est exilé ? Ahch-to
37%
Quel Jedi survit à l’Ordre 66 et fonde un nouvel Ordre sur Lothal ? Ezra Bridger
13%
Quel Mandalorien hérite du Sabre Noir après Maul ? Sabine Wren
13%
De quelle espèce est l’Inquisiteur appelé “Grand Inquisiteur” ? Pau'an
9%
Quelle planète est détruite par Starkiller Base dans Le Réveil de la Force ? Hosnian Prime
7%
Qui construit le premier Sabre Noir (Darksaber) ? Tarre Vizsla
7%
Quel est le nom du frère de Cassian Andor ? Kassa
4%
Quel est le prénom de la sœur de Sabine Wren ? Ursa
4%
Quelle planète est le monde natal de Jyn Erso ? Vallt
4%
Aucun quiz correspondant
Distribution des résultats
% des personnes avec chaque résultat
Percentile par nombre de réponses
Votre historique - résultats
Vous n’avez pas pris ce quiz